000 01522nam a22004217a 4500
003 CHAP
005 20220329133422.0
008 971013s1992 r 00010 d
010 _a6153
011 _a7125
035 _a6348
040 _cCHAP
090 _aTesis
100 0 0 _aPastor Cerritos, Adrián del Rosario.
_985971
245 _aEnsayo de fertilización en cedro (Cedrela odorata L.) caoba (Swietenia macrophylla King) y ramón (Brosimum alicastrum Sw.) bajo condiciones de vivero
260 _aChapingo, Méx. :
_bEl autor,
_c1992
300 _a70 h.
_b; gráfs.
500 _a61-44
502 _aTesis (Ing. Agr. Esp. en Fitotecnia) -- UACH. Departamento de Fitotecnia
590 _aALEPH
_b10
_c20130110
_lUCH01
_h1217
590 _aBATCH-UPD
_b10
_c20130110
_lUCH01
_h0011
590 _aBATCH-UPD
_b10
_c20130110
_lUCH01
_h1316
590 _aBATCH-UPD
_b10
_c20130409
_lUCH01
_h1948
590 _aBATCH-UPD
_b10
_c20130410
_lUCH01
_h0827
590 _aBATCH-UPD
_b10
_c20130914
_lUCH01
_h0751
590 _aCONVERSION
_b10
_c20130109
_lUCH01
_h1304
650 1 4 _aBrosimum alicastrum.
_915586
650 1 4 _aCaoba
_xCrecimiento.
_918562
650 1 4 _aCedro
_xCrecimiento.
_920861
650 1 4 _aFósforo
_xEfecto en caoba.
_942220
650 1 4 _aFósforo
_xEfecto en cedro.
_942225
650 1 4 _aNitrógeno
_xEfecto en caoba.
_981416
650 1 4 _aNitrógeno
_xEfecto en cedro.
_981421
650 1 4 _aViveros forestales.
_9120100
901 _aBK
942 _cTESIS
949 _bBC
_cTES
_d-15949
_eTS1
_h25312
_i6348
_si
999 _c6153
_d6153